000 00476nam a2200181 i 4500
001 95294
003 ES-MaACL
005 20230906181656.0
007 t|
008 050525s1931 sp ||||1| spa d
100 1 _aLynch, Benito.
_974932
245 1 4 _aLos caranchos de la Florida
_b: novela /
_cBenito Lynch.
250 _a2ยช ed.
260 _aMadrid :
_bEspasa-Calpe,
_c1931.
300 _a276 p. ;
_c20 cm.
852 _aES-MaACL
_jB-12340
852 _aES-MaACL
_jB-8465
999 _c95294
_d95294